| 000 | 00524nam a22001817a 4500 | ||
|---|---|---|---|
| 003 | OSt | ||
| 005 | 20221005162204.0 | ||
| 008 | 221005b |||||||| |||| 00| 0 eng d | ||
| 040 | _cBiblioteca Lado V | ||
| 082 |
_a779 _bC752t |
||
| 100 |
_964 _aConlon, Donna _efotógrafa |
||
| 245 | _aTapitapultas/ | ||
| 260 |
_aPanama _c2012 |
||
| 300 |
_a20p. _c18c17cm |
||
| 650 |
_2Tesauro de Arte & Arquitectura _aFotografía |
||
| 700 |
_965 _aHarker, Jonathan _efotógrafo |
||
| 942 |
_2ddc _c1 _h779 _iC752t _n0 |
||
| 999 |
_c2175 _d2175 |
||